| Tag |
First Indicator |
Second Indicator |
Subfields |
| LEADER |
00000nam a2200000Ia 4500 |
| 001 |
in00004269727 |
| 005 |
20200810074400.0 |
| 006 |
m g d |
| 007 |
cr bn |||a|bb| |
| 008 |
850813s1645 enk o 00| | eng d |
| 035 |
|
|
|a (OCoLC)12381180
|
| 040 |
|
|
|a EAA
|c EAA
|d m/c
|d WaOLN
|
| 037 |
|
|
|a CL0037000008
|b ProQuest Information and Learning. 300 N. Zeeb Rd., Ann Arbor, MI 48106
|
| 045 |
0 |
|
|b d16420713
|
| 049 |
|
|
|a UMIA
|
| 100 |
1 |
|
|a Ainsworth, Samuel.
|
| 245 |
1 |
2 |
|a A sermon preached at the funerall of that religious gentle-woman Mis Dorothy Hanbury, wife to Edward Hanbury, Esq., living at Kelmarsh in Northampton-shire :
|b who dyed the 12. day of June, and was buried at Navesby in Northampton-shire July 13, Anno Dom. 1642 /
|c by Samuel Ainsworth.
|
| 260 |
|
|
|a London :
|b Printed by Richard Cotes for Stephen Bowtell ...,
|c 1645.
|
| 300 |
|
|
|a 1 online resource ([6], 32, [1] pages)
|
| 336 |
|
|
|a text
|b txt
|2 rdacontent
|
| 337 |
|
|
|a computer
|b c
|2 rdamedia
|
| 338 |
|
|
|a online resource
|b cr
|2 rdacarrier
|
| 500 |
|
|
|a Reproduction of original in Bodleian Library.
|
| 510 |
4 |
|
|a Wing
|c A816
|
| 500 |
|
|
|a Marginal notes.
|
| 533 |
|
|
|a Electronic reproduction.
|b Ann Arbor, Mich. :
|c UMI,
|d 1999-
|f (Early English books online)
|n Digital version of: (Early English books, 1641-1700 ; 267:9)
|7 s1999 miun s
|
| 650 |
|
0 |
|a Death
|v Sermons.
|
| 650 |
|
0 |
|a Funeral sermons.
|
| 650 |
|
0 |
|a Sermons, English.
|
| 600 |
1 |
0 |
|a Hanbury, Dorothy,
|d d. 1642.
|
| 830 |
|
0 |
|a Early English books online.
|
| 856 |
4 |
0 |
|u http://proxy.library.tamu.edu/login?url=https://search.proquest.com/docview/2240951657
|z Connect to the full text of this electronic book
|t 0
|
| 999 |
f |
f |
|s cdd80536-e94c-3a10-b797-b59a259d3288
|i 813eb60b-e5c5-365f-b0fc-503b062c6ed0
|t 0
|
| 952 |
f |
f |
|a Texas A&M University
|b College Station
|c Electronic Resources
|d Available Online
|t 0
|h No information provided
|
| 998 |
f |
f |
|t 0
|l Available Online
|